Central Library OPAC University of Rajshahi

Financial management and policy / (Record no. 18113)

MARC details
000 -LEADER
fixed length control field 00786nam a2200265 a 4500
001 - CONTROL NUMBER
control field 18113
003 - CONTROL NUMBER IDENTIFIER
rucl marc code BD-RjUL
005 - DATE AND TIME OF LATEST TRANSACTION
control field 20211209000235.0
008 - FIXED-LENGTH DATA ELEMENTS--GENERAL INFORMATION
fixed length control field 140219r20072002ii a 001 0 eng d
020 ## - INTERNATIONAL STANDARD BOOK NUMBER
International Standard Book Number 0137512236
035 ## - SYSTEM CONTROL NUMBER
System control number (BD-RjUL)18171
System control number 8178085801
040 ## - CATALOGING SOURCE
Original cataloging agency BD-RjUL
Language of cataloging eng
Transcribing agency BD-RjUL
041 ## - LANGUAGE CODE
Language code of text/sound track or separate title eng
082 ## - DEWEY DECIMAL CLASSIFICATION NUMBER
Classification number 658.15
Author mark and year VAF 2007
Edition number 23
100 1# - MAIN ENTRY--PERSONAL NAME
Personal name Van Horne, James C.
9 (RLIN) 43595
245 10 - TITLE STATEMENT
Title Financial management and policy /
Statement of responsibility, etc. James C. Van Horne.
250 ## - EDITION STATEMENT
Edition statement 12th ed.
260 ## - PUBLICATION, DISTRIBUTION, ETC. (IMPRINT)
Place of publication, distribution, etc. New Delhi :
Name of publisher, distributor, etc. Prentice-Hall,
Date of publication, distribution, etc. c2002 [Reprint 2006-2007].
300 ## - PHYSICAL DESCRIPTION
Pagination xviii, 814 p. :
Illustrations ill. ;
Size 26 cm.
500 ## - GENERAL NOTE
General note With calculator guide.
504 ## - BIBLIOGRAPHY, ETC. NOTE
Bibliography, etc Includes bibliographical references and index.
650 #0 - SUBJECT ADDED ENTRY--TOPICAL TERM
Topical term or geographic name as entry element Corporations
General subdivision Finance.
9 (RLIN) 55815
942 ## - ADDED ENTRY ELEMENTS (KOHA)
Source of classification or shelving scheme Dewey Decimal Classification
Koha item type Books
Holdings
Lost status Source of classification or shelving scheme Damaged status Not for loan Collection code Permanent Location Current Location Shelving location Date acquired Source of acquisition Cost, normal purchase price Total Checkouts Full call number Date last seen Date checked out Copy number Koha item type
  Dewey Decimal Classification     Non-fiction Central Library, University of Rajshahi Central Library, University of Rajshahi   01/04/2009 Paragon Enterprise. 350.00 1 658.15 VAF 2007 04/12/2017 08/03/2017 C-7 Books
  Dewey Decimal Classification   Not For Loan Non-fiction Central Library, University of Rajshahi Central Library, University of Rajshahi Reading Room 22/06/2013 Associated Business Cor., Dhaka 635.00   658.15 VAF 2007 31/12/2016   C-1 Books
  Dewey Decimal Classification     Non-fiction Central Library, University of Rajshahi Central Library, University of Rajshahi   12/06/2008 Paragon Interprise , Dhaka 325.00   658.15 VAF 2007 27/05/2019   C-2 Books
  Dewey Decimal Classification     Non-fiction Central Library, University of Rajshahi Central Library, University of Rajshahi   01/04/2009 Paragon Interprise , Dhaka 350.00   658.15 VAF 2007 27/05/2019   C-3 Books
  Dewey Decimal Classification     Non-fiction Central Library, University of Rajshahi Central Library, University of Rajshahi   01/04/2009 Paragon Interprise , Dhaka 325.00 1 658.15 VAF 2007 25/03/2023 14/03/2023 C-4 Books
  Dewey Decimal Classification     Non-fiction Central Library, University of Rajshahi Central Library, University of Rajshahi   05/02/2008 Paragon Interprise , Dhaka 325.00   658.15 VAF 2007 27/05/2019   C-5 Books
  Dewey Decimal Classification     Non-fiction Central Library, University of Rajshahi Central Library, University of Rajshahi   05/02/2008 Paragon Interprise , Dhaka 325.00   658.15 VAF 2007 27/05/2019   C-6 Books